00210nam a2200097Ia 4500008004100000100000900041245002900050260000900079942000700088999001700095190216s9999||||xx |||||||||||||| ||und|| aNull 0aHindi-Ghul Akash Ka Nime bNull cBK c17418d17418